Verifikácia distribúcie sklených vlákien vo vstrekovanom diely prostredníctvom simulačného softwaru Moldex 3D a mikroskopie

Gespeichert in:
Bibliographische Detailangaben
1. Verfasser: Kollár, Marek (Verfasst von)
Weitere Verfasser: Likavčan, Lukáš (Betreuung Doktorarbeit)
Format: Manuskript Buch
Sprache:Slowakisch
Veröffentlicht: 2015
Schlagworte:
Online-Zugang:http://is.stuba.sk/zp/portal_zp.pl?podrobnosti=121033
Tags: Tag hinzufügen
Keine Tags, Fügen Sie das erste Tag hinzu!

MARC

LEADER 00000ntm a22000003a 4500
001 stuzp50226
003 SK-STU
005 20160719153509.5
007 ta
008 150427s2015----xo-----f-mn---000-0-slo-d
040 |a STU  |b slo 
041 0 |a slo 
100 1 |a Kollár, Marek  |u 061000  |4 aut  |U MTF Materiálovotechnologická fakulta  |T MTF Ústav materiálov  |X 8511  |U M1000  |Y 81  |7 8511 
242 0 1 |a Verification of distribution of glass fibers in injection molded part through Moldex 3D simulation software and microscopy  |y eng 
245 1 0 |a Verifikácia distribúcie sklených vlákien vo vstrekovanom diely prostredníctvom simulačného softwaru Moldex 3D a mikroskopie 
260 |c 2015 
650 4 |a sklené vlákna  |2 slo 
650 4 |a analýza plnenia  |2 slo 
650 4 |a analýza plnenia  |2 slo 
650 4 |a mikroskopia  |2 slo 
650 4 |a mechanical properties  |2 eng 
650 4 |a filling analysis  |2 eng 
650 4 |a glass fibers  |2 eng 
650 4 |a microscopy  |2 eng 
700 1 |a Likavčan, Lukáš  |4 ths  |X 57040  |7 A000057040 
856 4 |u http://is.stuba.sk/zp/portal_zp.pl?podrobnosti=121033 
996 |c M* BP-7169  |l MMSKP  |s P  |a 0  |w stuzp50226_0001 
SQL |a stuzp50226  |b DBP  |c SLO  |d Verifikácia distribúcie sklených vlákien vo vstrekovanom diely prostredníctvom simulačného softwaru Moldex 3D a mikroskopie  |e 8511  |f Kollár, Marek  |g 061000  |h 57040  |i Likavčan, Lukáš  |j 20150623  |k 665  |l 06  |m http://is.stuba.sk/zp/portal_zp.pl?podrobnosti=121033  |n B-MI  |o 5.2.26. materiály